| 000 | 00643nam a2200241 a 4500 | ||
|---|---|---|---|
| 001 | 0001-1126 | ||
| 003 | ELIB.Books | ||
| 008 | 150504 2010 eng | ||
| 020 | _a9780801039317 | ||
| 035 | _a(ELIB.Books)0001-1281 | ||
| 092 |
_a225.6 _bHag |
||
| 100 | _aHagner, Donald A. | ||
| 245 |
_aThe New Testament: _bA Historical and Theological Introduction |
||
| 260 |
_aGrand Rapids _bBaker Academic _c2012 |
||
| 300 |
_a872 _c23 Cm |
||
| 500 | _aC/o Moe Lwei | ||
| 650 | _aNew Testament | ||
| 856 |
_nKBTS: Library _uKBTS: Elib |
||
| 942 |
_2ddc _cBK |
||
| 990 | _a1 | ||
| 998 |
_cbat _e2015-05-04 |
||
| 999 |
_c11126 _d11126 |
||